| 000 | 00890nam a2200277Ia 4500 | ||
|---|---|---|---|
| 003 | OSt | ||
| 005 | 20221005064927.0 | ||
| 006 | a|||||r|||| 00| 0 | ||
| 007 | ta | ||
| 008 | 221004b |||||||| |||| 00| 0 eng d | ||
| 020 |
_a9781405191272 (pbk) _c2272.22 |
||
| 024 | _a104903 | ||
| 037 |
_b10-11051, 14/03/2011, Atlantic Publisher & Dist. Pvt Ltd. _cTextual |
||
| 040 |
_aCRL _cCRL _beng |
||
| 041 |
_2eng _aeng |
||
| 082 | _aP:(Y15), N8;Q1 | ||
| 100 |
_aCoates Jennifer Ed. _969930 |
||
| 245 | 0 |
_aLanguage and gender _b A reader |
|
| 250 | _a2nd | ||
| 260 |
_aMalden _bWiley Blackwell UK _c2011 |
||
| 300 |
_axvii, 615p. _ccm. |
||
| 650 | _aLINGUISTICS | ||
| 700 |
_a Pichler Pia Ed. _9604314 |
||
| 942 |
_hP:(Y15), N8;Q1 _cTEXL _2cc |
||
| 999 |
_c973804 _d973804 |
||